Normal view
MARC view
- تاليف مهوي، ابراهيم، م.مشارك كناعنه، شريف؛ تحقيق وترجمة سليمان، جابر، تحقيق وترجمة مهوي، ابراهيم
Entry Personal Name
001 - CONTROL NUMBER
- control field: 50563
003 - CONTROL NUMBER IDENTIFIER
- control field: JO-AjAnu
005 - DATE AND TIME OF LATEST TRANSACTION
- control field: 20230606082326.0
008 - FIXED-LENGTH DATA ELEMENTS
- fixed length control field: 230606|| aca||aabn | a|a d
040 ## - CATALOGING SOURCE
- Original cataloging agency: JO-AjAnu
- Transcribing agency: JO-AjAnu
100 ## - HEADING--PERSONAL NAME
- Personal name: تاليف مهوي، ابراهيم، م.مشارك كناعنه، شريف؛ تحقيق وترجمة سليمان، جابر، تحقيق وترجمة مهوي، ابراهيم
670 ## - SOURCE DATA FOUND
- Source citation: Work cat.: (JO-AjAnu)25849: تاليف مهوي، ابراهيم، م.مشارك كناعنه، شريف؛ تحقيق وترجمة سليمان، جابر، تحقيق وترجمة مهوي، ابراهيم, author, قول يا طير: نصوص في الحكاية الشعبية الفلسطينية